| 000 | 00527nam a22002177a 4500 | ||
|---|---|---|---|
| 005 | 20171219133931.0 | ||
| 008 | 171219b xxu||||| |||| 00| 0 spa d | ||
| 041 | _aspa | ||
| 082 | _a972.864 S685c | ||
| 100 |
_aSolera Rodríguez, Guillermo _945309 |
||
| 245 | _aEl cantón de Barba | ||
| 260 | _aCosta Rica | ||
| 260 | _bImprenta Nacional | ||
| 260 | _c1964 | ||
| 300 | _a191 páginas | ||
| 650 |
_aCOSTA RICA _945310 |
||
| 650 |
_aHISTORIA _943 |
||
| 650 |
_aBARBA _945311 |
||
| 650 |
_aHEREDIA _94426 |
||
| 942 | _cBK | ||
| 999 |
_c10240 _d10240 |
||